[Event "SV Bergneustadt/Derschlag 1 - Hellertal"]
[Site "NRW-Klasse - Gruppe 4 2021/20"]
[Date "2021.12.05"]
[Round "2.1"]
[White "Rahimi, Rahim"]
[Black "Stuemer, Paul"]
[Result "1-0"]
[WhiteElo "2080"]
[BlackElo "2007"]
[PlyCount "61"]
[EventDate "2021.??.??"]
[SourceVersionDate "2020.03.16"]
[WhiteTeam "Hellertaler SF 1"]
[BlackTeam "SV Bergneustadt/Derschlag 1"]

1. d4 Nf6 2. g3 g6 3. Bg2 Bg7 4. c4 O-O 5. e4 d6 6. Nc3 a6 7. Nge2 Nc6 8. h3
Rb8 9. Be3 Bd7 10. O-O b5 11. cxb5 axb5 12. Rc1 Qc8 13. Kh2 b4 14. Na4 Qa6 15.
b3 Rfc8 16. e5 Ne8 17. Qc2 Na7 18. Rfe1 Bxa4 19. bxa4 c5 20. e6 f5 21. dxc5
dxc5 22. Bxc5 Qa5 23. Red1 Nd6 24. Rd5 Ne4 25. Bxe4 fxe4 26. Qxe4 Qxa4 27. Bxe7
Qxa2 28. Rxc8+ Rxc8 29. Qf3 Nc6 30. Qf7+ Kh8 31. Bf6 1-0

[Event "SV Bergneustadt/Derschlag 1 - Hellertal"]
[Site "NRW-Klasse - Gruppe 4 2021/20"]
[Date "2021.12.05"]
[Round "2.2"]
[White "Chlechowitz, Frank"]
[Black "Reiffenrath, Christian"]
[Result "1-0"]
[WhiteElo "2140"]
[BlackElo "1997"]
[PlyCount "85"]
[EventDate "2021.??.??"]
[SourceVersionDate "2020.03.16"]
[WhiteTeam "SV Bergneustadt/Derschlag 1"]
[BlackTeam "Hellertaler SF 1"]

1. e4 c6 2. d4 d5 3. Nd2 dxe4 4. Nxe4 Nf6 5. Nxf6+ exf6 6. c3 Bd6 7. Bd3 O-O 8.
Qc2 Re8+ 9. Ne2 h6 10. O-O Qc7 11. Ng3 Nd7 12. Nh5 c5 13. Bxh6 gxh6 14. Bc4 Kh8
15. Bxf7 Rf8 16. Qg6 Rxf7 17. Qxf7 Nf8 18. Qxf6+ Kh7 19. dxc5 Bxc5 20. Rae1 Bg4
21. Nf4 Qg7 22. Qxg7+ Kxg7 23. h3 Bd7 24. Rd1 Kf7 25. Rd5 Be7 26. Rfd1 Bc6 27.
Rf5+ Kg7 28. g4 Ng6 29. Re1 Bf8 30. Ne6+ Kg8 31. Nxf8 Rxf8 32. Rxf8+ Kxf8 33.
Kh2 Kf7 34. Kg3 Ne7 35. c4 a5 36. f4 Nc8 37. f5 Nd6 38. b3 a4 39. Kf4 axb3 40.
axb3 Bd7 41. Ke5 Nc8 42. h4 Ne7 43. Kd6 1-0

[Event "SV Bergneustadt/Derschlag 1 - Hellertal"]
[Site "NRW-Klasse - Gruppe 4 2021/20"]
[Date "2021.12.05"]
[Round "2.3"]
[White "Mueller, Sven"]
[Black "Michalik, Friedhelm"]
[Result "1/2-1/2"]
[WhiteElo "1968"]
[BlackElo "2011"]
[PlyCount "115"]
[EventDate "2021.??.??"]
[SourceVersionDate "2020.03.16"]
[WhiteTeam "Hellertaler SF 1"]
[BlackTeam "SV Bergneustadt/Derschlag 1"]

1. e4 c5 2. Nf3 g6 3. d4 cxd4 4. Nxd4 Bg7 5. c4 Nc6 6. Be3 Nf6 7. Nc3 O-O 8.
Be2 d6 9. O-O Bd7 10. Rb1 Nxd4 11. Bxd4 Bc6 12. f3 a5 13. Qd2 a4 14. Rfc1 Nd7
15. Nd5 Bxd4+ 16. Qxd4 Bxd5 17. cxd5 Qa5 18. Rc3 Rfc8 19. Rbc1 Rc5 20. Rxc5
Nxc5 21. Qc3 Qxc3 22. Rxc3 Kf8 23. Kf2 Ke8 24. Ke3 Kd7 25. h4 f6 26. f4 h6 27.
Kd4 Rg8 28. Bb5+ Kd8 29. Ra3 g5 30. fxg5 hxg5 31. h5 e5+ 32. Ke3 g4 33. b4 axb3
34. axb3 Kc7 35. Be2 Rg5 36. b4 Nd7 37. h6 Nb6 38. Rc3+ Kd8 39. Kf2 Rh5 40.
Bxg4 Rxh6 41. Rh3 Rxh3 42. gxh3 Ke7 43. Be6 Na4 44. Ke3 Nc3 45. Kd3 Nb5 46. Bg4
Kf7 47. Ke3 Kg6 48. Kf3 b6 49. Kg3 Nd4 50. Bd7 Nc2 51. b5 Nd4 52. Kg4 Ne2 53.
Be8+ Kg7 54. h4 Nd4 55. h5 Kh6 56. Bd7 Kg7 57. Be8 Kh6 58. Bd7 1/2-1/2

[Event "SV Bergneustadt/Derschlag 1 - Hellertal"]
[Site "NRW-Klasse - Gruppe 4 2021/20"]
[Date "2021.12.05"]
[Round "2.4"]
[White "Wang, Andre"]
[Black "Petri, Wolfgang"]
[Result "0-1"]
[WhiteElo "1976"]
[BlackElo "1920"]
[PlyCount "51"]
[EventDate "2021.??.??"]
[SourceVersionDate "2020.03.16"]
[WhiteTeam "SV Bergneustadt/Derschlag 1"]
[BlackTeam "Hellertaler SF 1"]

1. c4 b6 2. d4 Bb7 3. Nf3 e6 4. Nc3 f5 5. d5 exd5 6. cxd5 Nf6 7. Qc2 Bb4 8. a3
Bxc3+ 9. bxc3 Bxd5 10. Qxf5 Be6 11. Qd3 O-O 12. g3 Nc6 13. Bg2 Na5 14. O-O Bc4
15. Qc2 Qe7 16. Re1 Rae8 17. Nd4 Ng4 18. Nf3 Nb3 19. Rb1 Nxc1 20. Rbxc1 Nxf2
21. Kxf2 Qe3+ 22. Kf1 Rxf3+ 23. Bxf3 Qxf3+ 24. Kg1 Qe3+ 25. Kg2 Bd5+ 26. Kh3
0-1

[Event "SV Bergneustadt/Derschlag 1 - Hellertal"]
[Site "NRW-Klasse - Gruppe 4 2021/20"]
[Date "2021.12.05"]
[Round "2.5"]
[White "Mellmann, Matthias"]
[Black "Linnenborn, Guido"]
[Result "0-1"]
[WhiteElo "1845"]
[BlackElo "1880"]
[PlyCount "122"]
[EventDate "2021.??.??"]
[SourceVersionDate "2020.03.16"]
[WhiteTeam "Hellertaler SF 1"]
[BlackTeam "SV Bergneustadt/Derschlag 1"]

1. e4 e5 2. Nc3 Nc6 3. g3 Bc5 4. Bg2 Nf6 5. Nge2 a6 6. O-O d6 7. h3 Be6 8. d3
Qd7 9. Kh2 h5 10. Nd5 Bxd5 11. exd5 Ne7 12. c4 c6 13. dxc6 Nxc6 14. Be3 O-O 15.
d4 Ba7 16. Qd2 Qf5 17. Rad1 Rfc8 18. b3 b5 19. Rc1 Qd7 20. Rfd1 Rab8 21. cxb5
Rxb5 22. d5 Ne7 23. Rxc8+ Nxc8 24. Nc3 Bxe3 25. Qxe3 Rc5 26. Na4 Rc2 27. Rd2
Rc1 28. Qd3 Qb5 29. Qxb5 axb5 30. Nb2 Nb6 31. Nd3 Ra1 32. Nb4 Rc1 33. Nd3 Rc3
34. Nb4 Kf8 35. Kg1 Rc1+ 36. Kh2 Ke8 37. Bf3 Kd7 38. g4 hxg4 39. hxg4 g5 40.
Be2 Rc5 41. Na6 Rxd5 42. Rxd5 Nbxd5 43. Bxb5+ Kc8 44. Kg3 Nc3 45. a4 Nxb5 46.
axb5 Nd5 47. Kf3 Nc3 48. Nb4 Kc7 49. Ke3 Nxb5 50. Ke4 Nd4 51. Nd5+ Kc6 52. b4
Kb5 53. Nf6 Kc4 54. Nd5 Nb5 55. Nf6 Kxb4 56. Kd5 Kb3 57. Ne4 Nc3+ 58. Nxc3 Kxc3
59. Kxd6 Kd4 60. Ke7 Ke4 61. Kf6 Kf4 0-1

[Event "SV Bergneustadt/Derschlag 1 - Hellertal"]
[Site "NRW-Klasse - Gruppe 4 2021/20"]
[Date "2021.12.05"]
[Round "2.6"]
[White "Sailer, Hans-Peter"]
[Black "Siebel, Holger"]
[Result "1/2-1/2"]
[WhiteElo "1810"]
[BlackElo "1772"]
[PlyCount "41"]
[EventDate "2021.??.??"]
[SourceVersionDate "2020.03.16"]
[WhiteTeam "SV Bergneustadt/Derschlag 1"]
[BlackTeam "Hellertaler SF 1"]

1. e4 c5 2. Nf3 d6 3. d4 cxd4 4. Nxd4 g6 5. Nc3 Bg7 6. Be3 Nf6 7. f3 Bd7 8. Qd2
h5 9. Bc4 a6 10. O-O-O Nc6 11. Kb1 Na5 12. Bb3 Nxb3 13. axb3 b5 14. h4 Rc8 15.
Rhe1 O-O 16. Bg5 Qc7 17. Rc1 Qc5 18. Be3 Qc7 19. Bh6 Rfe8 20. Bxg7 Kxg7 21.
Red1 1/2-1/2

[Event "SV Bergneustadt/Derschlag 1 - Hellertal"]
[Site "NRW-Klasse - Gruppe 4 2021/20"]
[Date "2021.12.05"]
[Round "2.7"]
[White "Hassler, Rolf"]
[Black "Chlechowitz, Maximilian"]
[Result "0-1"]
[WhiteElo "1762"]
[BlackElo "1686"]
[Annotator "daniel"]
[PlyCount "106"]
[EventDate "2021.??.??"]
[SourceVersionDate "2020.03.16"]
[WhiteTeam "Hellertaler SF 1"]
[BlackTeam "SV Bergneustadt/Derschlag 1"]

1. e4 d6 2. Nc3 Nf6 3. d3 c6 4. h3 e5 5. g3 g6 6. Bg2 Bg7 7. Be3 O-O 8. Qd2 d5
9. Bh6 Be6 10. Bxg7 Kxg7 11. Nf3 Qc7 12. O-O dxe4 13. dxe4 Rd8 14. Qg5 Nbd7 15.
Qe3 h6 16. Nd2 Qb6 17. Qxb6 Nxb6 18. Rfd1 Nfd7 19. Bf1 Nc5 20. a4 a5 21. b3 f6
22. Nf3 Kf7 23. Kg2 $11 Ke7 24. Nh4 Bf7 25. Nf3 Rxd1 26. Rxd1 Na6 27. Bxa6 Rxa6
28. Nh4 Ra8 29. f4 Nd7 30. f5 g5 31. Nf3 Nc5 32. Nh2 Na6 33. Nf1 Nb4 34. Ne3 h5
35. Kf2 Rb8 36. Rd2 Na6 37. Ke2 Nc7 38. Kd1 Na6 39. Kc1 Nc5 40. Rd1 Nd7 41. Ng2
h4 42. g4 Nc5 43. Kb2 Rd8 44. Rxd8 Kxd8 45. Ka3 Nxe4 46. Nxe4 Bd5 47. Nxf6 Bxg2
48. Nh7 Ke7 49. f6+ Kf7 50. Kb2 Kg6 51. f7 Kxf7 52. Nxg5+ Kg6 53. Ne6 Bxh3 0-1

[Event "SV Bergneustadt/Derschlag 1 - Hellertal"]
[Site "NRW-Klasse - Gruppe 4 2021/20"]
[Date "2021.12.05"]
[Round "2.8"]
[White "Stahlschmidt, Timo"]
[Black "Herfel, Manfred"]
[Result "1/2-1/2"]
[WhiteElo "1383"]
[BlackElo "1715"]
[PlyCount "47"]
[EventDate "2021.??.??"]
[SourceVersionDate "2020.03.16"]
[WhiteTeam "SV Bergneustadt/Derschlag 1"]
[BlackTeam "Hellertaler SF 1"]

1. e4 d6 2. d4 Nf6 3. Nc3 g6 4. Be3 c6 5. f3 b5 6. a3 Bg7 7. Qd2 a5 8. Bh6 Bxh6
9. Qxh6 Nbd7 10. Bd3 Rb8 11. d5 cxd5 12. Bxb5 d4 13. Bxd7+ Bxd7 14. Nd1 e5 15.
Ne2 Qb6 16. Qg7 Rg8 17. Qxf6 g5 18. Rb1 Rc8 19. c3 d3 20. Nc1 Rg6 21. Qh8+ Ke7
22. Qxh7 Qb8 23. Ne3 Rh8 24. Nd5+ 1/2-1/2

[Event "SK Turm Euskirchen 1 - Siegener SV 1"]
[Site "NRW-Klasse - Gruppe 4 2021/20"]
[Date "2021.12.05"]
[Round "2.1"]
[White "Richter, Gerald"]
[Black "Vandenbergen, Nicolas"]
[Result "1/2-1/2"]
[WhiteElo "1959"]
[BlackElo "2132"]
[PlyCount "165"]
[EventDate "2021.??.??"]
[SourceVersionDate "2020.03.16"]
[WhiteTeam "Siegener SV 1"]
[BlackTeam "SK Turm Euskirchen 1"]

1. d4 d5 2. c4 Nc6 3. cxd5 Qxd5 4. e3 e5 5. Nc3 Bb4 6. a3 Bxc3+ 7. bxc3 Nf6 8.
Ne2 O-O 9. c4 Qd6 10. d5 Nb8 11. Nc3 Nbd7 12. Be2 Nc5 13. O-O Bf5 14. f3 Bg6
15. a4 Nfd7 16. Nb5 Qf6 17. Nxc7 Rac8 18. d6 Rfd8 19. Ba3 b6 20. f4 exf4 21.
Rxf4 Qe5 22. Qd4 Ne6 23. Nxe6 Qxe6 24. Bg4 Qe8 25. a5 Rc6 26. Bf3 Rc5 27. axb6
axb6 28. Bd5 Kh8 29. e4 Ra5 30. Bb2 Rxa1+ 31. Bxa1 f6 32. Bc3 Qe5 33. Qxe5 Nxe5
34. Rf1 h5 35. Bb4 Nd3 36. Ba3 Nc5 37. Bxc5 bxc5 38. Ra1 Rxd6 39. Ra8+ Kh7 40.
Rc8 Rd7 41. Kf2 Ra7 42. Rxc5 Ra2+ 43. Kg3 h4+ 44. Kh3 Re2 45. Kxh4 Bxe4 46.
Bxe4+ Rxe4+ 47. Kg3 g5 48. Rc8 Re3+ 49. Kf2 Rc3 50. h3 Kg6 51. c5 Kf5 52. c6
Kf4 53. c7 Rc2+ 54. Kf1 f5 55. Ke1 Kg3 56. Rg8 Rxc7 57. Rxg5+ Kf4 58. h4 Rc2
59. Kf1 Rc6 60. Kg1 Ra6 61. Kh2 Rh6 62. Kh3 Ra6 63. g3+ Ke4 64. Rg8 Ra1 65. Rf8
Ke5 66. Re8+ Kf6 67. Kg2 Ra2+ 68. Kf3 Ra4 69. Rf8+ Kg6 70. Rd8 Ra3+ 71. Kf4
Ra4+ 72. Ke5 Re4+ 73. Kd5 Re3 74. Rg8+ Kf7 75. Rg5 Kf6 76. Kd4 Re8 77. Kd3 Ra8
78. Ke3 Ra3+ 79. Kf4 Ra4+ 80. Kf3 Ra3+ 81. Kg2 Ra2+ 82. Kh3 Ra8 83. Kg2 1/2-1/2

[Event "SK Turm Euskirchen 1 - Siegener SV 1"]
[Site "NRW-Klasse - Gruppe 4 2021/20"]
[Date "2021.12.05"]
[Round "2.2"]
[White "Herzwurm, Robert"]
[Black "Besser, Jochen"]
[Result "1-0"]
[WhiteElo "1999"]
[BlackElo "1910"]
[PlyCount "89"]
[EventDate "2021.??.??"]
[SourceVersionDate "2020.03.16"]
[WhiteTeam "SK Turm Euskirchen 1"]
[BlackTeam "Siegener SV 1"]

1. e4 c5 2. Nc3 g6 3. f4 Bg7 4. Nf3 Nc6 5. Bb5 Nd4 6. O-O f5 7. e5 a6 8. Bc4 e6
9. Nxd4 cxd4 10. Ne2 d6 11. d3 Ne7 12. Kh1 Nc6 13. Bb3 O-O 14. exd6 Qxd6 15.
Ng1 Na5 16. Ba4 b5 17. Bd2 Nb7 18. Bb3 a5 19. a3 Nc5 20. Ba2 Bb7 21. Qe2 Rfe8
22. b4 axb4 23. Bxb4 Bd5 24. Nf3 Bxa2 25. Rxa2 Qd5 26. Raa1 e5 27. fxe5 Bxe5
28. Nxe5 Rxe5 29. Qf2 Rae8 30. Rae1 Nd7 31. h3 Nf6 32. Rxe5 Rxe5 33. Re1 Nh5
34. c4 bxc4 35. dxc4 Qe6 36. Rd1 Re3 37. Rxd4 Ng3+ 38. Kh2 Ne2 39. Rd8+ Kg7 40.
Rd5 f4 41. Bc5 Re4 42. Qh4 Re5 43. Qd8 Rf5 44. Rd7+ Kh6 45. Qh4+ 1-0

[Event "SK Turm Euskirchen 1 - Siegener SV 1"]
[Site "NRW-Klasse - Gruppe 4 2021/20"]
[Date "2021.12.05"]
[Round "2.3"]
[White "Wallasch, Thomas"]
[Black "Weißhuhn, Gunnar"]
[Result "0-1"]
[WhiteElo "1831"]
[BlackElo "2017"]
[PlyCount "66"]
[EventDate "2021.??.??"]
[SourceVersionDate "2020.03.16"]
[WhiteTeam "Siegener SV 1"]
[BlackTeam "SK Turm Euskirchen 1"]

1. d4 Nf6 2. Nf3 g6 3. c4 Bg7 4. Nc3 O-O 5. e4 d6 6. Be2 Nc6 7. O-O e5 8. d5
Ne7 9. Ne1 Ne8 10. Be3 f5 11. f3 f4 12. Bf2 g5 13. Nd3 Ng6 14. Rc1 h5 15. c5
Bf6 16. b4 Rf7 17. Qb3 g4 18. Rfd1 Rg7 19. Ne1 Nh4 20. Kh1 g3 21. hxg3 fxg3 22.
Be3 Bg5 23. Nb1 Ng6 24. f4 Nxf4 25. Bf3 Bh6 26. Bxf4 Bxf4 27. Rc3 Qh4+ 28. Kg1
Nf6 29. Nd3 Be3+ 30. Kf1 Bd4 31. Nd2 Bg4 32. cxd6 Qh1+ 33. Ke2 Qxg2+ 0-1

[Event "SK Turm Euskirchen 1 - Siegener SV 1"]
[Site "NRW-Klasse - Gruppe 4 2021/20"]
[Date "2021.12.05"]
[Round "2.4"]
[White "Scholzen, Wolfgang"]
[Black "Scholl, Eckhard"]
[Result "1-0"]
[WhiteElo "2018"]
[BlackElo "1898"]
[PlyCount "47"]
[EventDate "2021.??.??"]
[SourceVersionDate "2020.03.16"]
[WhiteTeam "SK Turm Euskirchen 1"]
[BlackTeam "Siegener SV 1"]

1. d4 c5 2. e3 Nf6 3. Nf3 g6 4. c4 Bg7 5. Nc3 O-O 6. Be2 d6 7. O-O Nbd7 8. Qc2
a6 9. a4 b6 10. b3 Nb8 11. Bb2 Bg4 12. h3 Bxf3 13. Bxf3 Ra7 14. Rad1 Qc7 15. d5
Nfd7 16. Be2 f5 17. h4 Ne5 18. f4 Nf7 19. h5 Nd7 20. g4 gxh5 21. Qxf5 Nh6 22.
Qe6+ Rf7 23. g5 Nf8 24. Qh3 1-0

[Event "SK Turm Euskirchen 1 - Siegener SV 1"]
[Site "NRW-Klasse - Gruppe 4 2021/20"]
[Date "2021.12.05"]
[Round "2.5"]
[White "Pramann, Juergen"]
[Black "Hack, Thomas"]
[Result "0-1"]
[WhiteElo "1663"]
[BlackElo "1914"]
[PlyCount "50"]
[EventDate "2021.??.??"]
[SourceVersionDate "2020.03.16"]
[WhiteTeam "Siegener SV 1"]
[BlackTeam "SK Turm Euskirchen 1"]

1. e4 c5 2. Nc3 Nc6 3. f4 g6 4. Nf3 Bg7 5. Bc4 e6 6. a3 Nge7 7. d3 a6 8. h4 h5
9. Bd2 b5 10. Ba2 b4 11. Na4 bxa3 12. bxa3 d6 13. Rb1 O-O 14. O-O Rb8 15. Rxb8
Nxb8 16. e5 Nf5 17. Qe1 Nc6 18. exd6 Qxd6 19. Qf2 Ncd4 20. Ne5 Bf6 21. Nc4 Qc6
22. Nab6 Bxh4 23. g3 Bb7 24. Qh2 Bxg3 25. Qh3 Ne2# 0-1

[Event "SK Turm Euskirchen 1 - Siegener SV 1"]
[Site "NRW-Klasse - Gruppe 4 2021/20"]
[Date "2021.12.05"]
[Round "2.6"]
[White "Reckers, Sebastian"]
[Black "Kellerhoff, Joerg"]
[Result "1/2-1/2"]
[WhiteElo "1811"]
[BlackElo "1635"]
[PlyCount "63"]
[EventDate "2021.??.??"]
[SourceVersionDate "2020.03.16"]
[WhiteTeam "SK Turm Euskirchen 1"]
[BlackTeam "Siegener SV 1"]

1. e4 c5 2. Nf3 d6 3. d4 cxd4 4. Nxd4 Nf6 5. Nc3 g6 6. f3 Bg7 7. Be3 O-O 8. Qd2
Nc6 9. O-O-O Bd7 10. Kb1 Rc8 11. h4 h5 12. Nd5 Nxd5 13. exd5 Ne5 14. Bh6 Nc4
15. Bxc4 Rxc4 16. Bxg7 Kxg7 17. g4 Rh8 18. Qe2 Rc5 19. Qe4 hxg4 20. fxg4 e5 21.
dxe6 Re5 22. Qxb7 Bxe6 23. Nxe6+ Rxe6 24. Qxa7 Rxh4 25. Rhf1 Qe7 26. Qd4+ Kg8
27. b3 Re4 28. Qc3 Rhxg4 29. Rfe1 d5 30. a4 Qb7 31. Rxe4 Rxe4 32. Qf6 1/2-1/2

[Event "SK Turm Euskirchen 1 - Siegener SV 1"]
[Site "NRW-Klasse - Gruppe 4 2021/20"]
[Date "2021.12.05"]
[Round "2.8"]
[White "Adimi, Shahriar"]
[Black "Jopp, Guenter"]
[Result "1-0"]
[WhiteElo "1814"]
[BlackElo "1667"]
[PlyCount "107"]
[EventDate "2021.??.??"]
[SourceVersionDate "2020.03.16"]
[WhiteTeam "SK Turm Euskirchen 1"]
[BlackTeam "Siegener SV 1"]

1. d4 d5 2. Nf3 Nf6 3. Bg5 Nbd7 4. e3 e6 5. Nbd2 Be7 6. Bd3 h6 7. Bh4 O-O 8.
Rc1 c5 9. c4 b6 10. O-O Bb7 11. h3 Ne4 12. Bxe7 Qxe7 13. Bb1 Ndf6 14. cxd5 exd5
15. Ne5 Nxd2 16. Qxd2 Rac8 17. b3 Rc7 18. Qd3 Bc8 19. Rfd1 g6 20. Qe2 Nd7 21.
Nxd7 Bxd7 22. Qf3 Be6 23. Qg3 Kg7 24. h4 h5 25. Qe5+ f6 26. Qg3 Bf7 27. Bd3
Rfc8 28. Be2 Kh6 29. Qf4+ g5 30. hxg5+ fxg5 31. Qf5 Qe6 32. Qf3 Bg6 33. dxc5
Rxc5 34. Rxc5 Rxc5 35. Qf8+ Kh7 36. Qa8 Ra5 37. Bf3 Bf7 38. a4 g4 39. Be2 Rc5
40. Bd3+ Kg7 41. Qxa7 Rc3 42. b4 g3 43. Qb8 gxf2+ 44. Kxf2 Bg6 45. Qb7+ Kh6 46.
Bxg6 Rxe3 47. Qh7+ Kg5 48. Qxh5+ Kf6 49. Qf5+ Qxf5+ 50. Bxf5 Rb3 51. Rb1 Ra3
52. Bd7 Ke5 53. Rb2 d4 54. a5 1-0

[Event "Siegener SV 1 - SC Bonn Beuel 1"]
[Site "NRW-Klasse - Gruppe 4 2021/20"]
[Date "2021.12.19"]
[Round "3.1"]
[White "Haag, Martin"]
[Black "Richter, Gerald"]
[Result "1-0"]
[WhiteElo "2214"]
[BlackElo "1959"]
[PlyCount "65"]
[EventDate "2021.??.??"]
[SourceVersionDate "2020.03.16"]
[WhiteTeam "SC Bonn Beuel 1"]
[BlackTeam "Siegener SV 1"]

1. c4 c5 2. Nf3 Nc6 3. Nc3 g6 4. e3 Bg7 5. d4 b6 6. Be2 d6 7. O-O Nf6 8. d5 Ne5
9. Ne1 h5 10. f4 Neg4 11. h3 Nh6 12. e4 Nd7 13. Nf3 f5 14. Bd3 Nf8 15. e5 e6
16. Re1 Nf7 17. Bc2 a6 18. Ba4+ Ke7 19. Bc6 Ra7 20. a4 Bd7 21. Bxd7 Rxd7 22.
Qe2 Qb8 23. a5 Kd8 24. axb6 Qxb6 25. Kh1 Kc8 26. Qc2 dxe5 27. fxe5 Bh6 28. Qa4
Bxc1 29. Rexc1 g5 30. dxe6 Nxe6 31. Nd5 Qa7 32. Qc6+ Nc7 33. Nb6+ 1-0

[Event "Siegener SV 1 - SC Bonn Beuel 1"]
[Site "NRW-Klasse - Gruppe 4 2021/20"]
[Date "2021.12.19"]
[Round "3.2"]
[White "Besser, Jochen"]
[Black "Hoppe, Thilo"]
[Result "1-0"]
[WhiteElo "1910"]
[BlackElo "2136"]
[PlyCount "57"]
[EventDate "2021.??.??"]
[SourceVersionDate "2020.03.16"]
[WhiteTeam "Siegener SV 1"]
[BlackTeam "SC Bonn Beuel 1"]

1. c4 Nf6 2. Nc3 d5 3. cxd5 Nxd5 4. Nf3 Nxc3 5. bxc3 g6 6. h4 h5 7. d4 Bg7 8.
e4 c5 9. Bb5+ Bd7 10. Bxd7+ Nxd7 11. O-O O-O 12. Rb1 Qc7 13. e5 e6 14. Ng5 Qc6
15. Qe2 Rfc8 16. g4 hxg4 17. Qxg4 cxd4 18. cxd4 Rc7 19. Be3 Rac8 20. h5 Qc2 21.
Ne4 gxh5 22. Qf3 b6 23. Kh2 Bxe5+ 24. dxe5 Nxe5 25. Rg1+ Ng6 26. Nd6 Rd8 27.
Rbc1 Rxd6 28. Rxc2 Rxc2 29. Qf6 1-0

[Event "Siegener SV 1 - SC Bonn Beuel 1"]
[Site "NRW-Klasse - Gruppe 4 2021/20"]
[Date "2021.12.19"]
[Round "3.3"]
[White "Lorenz, Roger"]
[Black "Besser, Axel"]
[Result "1-0"]
[WhiteElo "2136"]
[BlackElo "1852"]
[PlyCount "105"]
[EventDate "2021.??.??"]
[SourceVersionDate "2020.03.16"]
[WhiteTeam "SC Bonn Beuel 1"]
[BlackTeam "Siegener SV 1"]

1. d4 Nf6 2. c4 e6 3. Nc3 Bb4 4. f3 O-O 5. e4 d6 6. Bd3 c5 7. d5 exd5 8. cxd5
Re8 9. Nge2 Nbd7 10. O-O Ne5 11. Bc2 c4 12. Be3 Qa5 13. h3 Bc5 14. Nd4 Bd7 15.
Kh2 a6 16. Bg5 Qd8 17. f4 Neg4+ 18. hxg4 Nxg4+ 19. Kh1 f6 20. f5 fxg5 21. Ne6
Rxe6 22. dxe6 Ne3 23. Qh5 Be8 24. Qe2 Nxf1 25. Rxf1 Qf6 26. g3 h5 27. Nd5 Qe5
28. Kg2 h4 29. gxh4 gxh4 30. Rf4 Qd4 31. Rxh4 Qg1+ 32. Kf3 Bd4 33. f6 g5 34.
f7+ Kg7 35. Rg4 Qh1+ 36. Qg2 Qh5 37. Ke2 Bb5 38. Ke1 Kh6 39. Ne7 Bxb2 40. Ng8+
Kh7 41. e5+ Kh8 42. Nf6 Qh6 43. Rg3 g4 44. Bd1 Bxe5 45. Rxg4 Qe3+ 46. Be2 Bc3+
47. Kf1 Qc1+ 48. Kf2 Qe1+ 49. Kf3 Bc6+ 50. Ne4 Bxe4+ 51. Rxe4 Be5 52. e7 Qc3+
53. Re3 1-0

[Event "Siegener SV 1 - SC Bonn Beuel 1"]
[Site "NRW-Klasse - Gruppe 4 2021/20"]
[Date "2021.12.19"]
[Round "3.4"]
[White "Guehne, Otfried"]
[Black "Gikas, Andreas Basilius"]
[Result "1-0"]
[WhiteElo "1966"]
[BlackElo "2143"]
[PlyCount "57"]
[EventDate "2021.??.??"]
[SourceVersionDate "2020.03.16"]
[WhiteTeam "Siegener SV 1"]
[BlackTeam "SC Bonn Beuel 1"]

1. e4 c5 2. c3 d5 3. e5 d4 4. Bc4 e6 5. Nf3 Nc6 6. O-O Nge7 7. b4 cxb4 8. cxb4
Ng6 9. Qa4 Bd7 10. b5 Ngxe5 11. Be2 Bd6 12. Ba3 Bc7 13. Nxe5 Nxe5 14. Qxd4 Qf6
15. Qc5 Bb6 16. Qd6 Rd8 17. Nc3 Bc6 18. Qb4 Rd4 19. Qb2 Bd5 20. Nxd5 Rxd5 21.
Qb4 Bc5 22. Qc3 Bd4 23. Qc8+ Rd8 24. Qxb7 Bxa1 25. b6 axb6 26. Bb5+ Nd7 27. Rc1
Bd4 28. Bxd7+ Rxd7 29. Rc8+ 1-0

[Event "Siegener SV 1 - SC Bonn Beuel 1"]
[Site "NRW-Klasse - Gruppe 4 2021/20"]
[Date "2021.12.19"]
[Round "3.5"]
[White "Rosskothen, Arnd"]
[Black "Wallasch, Thomas"]
[Result "1/2-1/2"]
[WhiteElo "2060"]
[BlackElo "1831"]
[PlyCount "81"]
[EventDate "2021.??.??"]
[SourceVersionDate "2020.03.16"]
[WhiteTeam "SC Bonn Beuel 1"]
[BlackTeam "Siegener SV 1"]

1. d4 Nf6 2. c4 e6 3. Nc3 d5 4. cxd5 exd5 5. Bg5 Be7 6. e3 O-O 7. Bd3 h6 8. Bh4
c6 9. Qc2 Nbd7 10. Nge2 Re8 11. h3 Nf8 12. O-O-O b5 13. Kb1 Bb7 14. g4 N6d7 15.
Bxe7 Qxe7 16. Ng3 g6 17. h4 Nf6 18. h5 Nxg4 19. hxg6 fxg6 20. Bxg6 Nxg6 21.
Qxg6+ Qg7 22. Qc2 Rf8 23. Nf5 Qh7 24. Rdg1 Qxf5 25. Qxf5 Rxf5 26. Rxg4+ Kh7 27.
Rhg1 Rf7 28. Ne2 Bc8 29. Rf4 Rxf4 30. Nxf4 Bf5+ 31. Kc1 Rg8 32. Rxg8 Kxg8 33.
b4 Kf7 34. Kd2 Kf6 35. Ke2 Kg5 36. Kf3 h5 37. Kg3 h4+ 38. Kg2 Kg4 39. f3+ Kg5
40. Ne2 Bc2 41. Nc3 1/2-1/2

[Event "Siegener SV 1 - SC Bonn Beuel 1"]
[Site "NRW-Klasse - Gruppe 4 2021/20"]
[Date "2021.12.19"]
[Round "3.6"]
[White "Scholl, Eckhard"]
[Black "Goergen, Christian"]
[Result "0-1"]
[WhiteElo "1898"]
[BlackElo "1991"]
[PlyCount "70"]
[EventDate "2021.??.??"]
[SourceVersionDate "2020.03.16"]
[WhiteTeam "Siegener SV 1"]
[BlackTeam "SC Bonn Beuel 1"]

1. Nf3 Nf6 2. g3 g6 3. Bg2 Bg7 4. O-O O-O 5. d4 d6 6. c4 Nc6 7. Nc3 a6 8. d5
Na5 9. Nd2 c5 10. e4 Rb8 11. a4 e6 12. Re1 Re8 13. h3 Bd7 14. Bf1 Qc7 15. Nf3
exd5 16. exd5 Rxe1 17. Nxe1 Re8 18. Be3 Ne4 19. Nxe4 Rxe4 20. Qf3 f5 21. Bd3
Re8 22. Ra2 Qb6 23. Qd1 Qb3 24. Qxb3 Nxb3 25. Nf3 Rxe3 26. fxe3 Nc1 27. Bb1
Nxa2 28. Bxa2 Bxb2 29. Bb3 Bf6 30. h4 h6 31. Bc2 Kg7 32. Kg2 Bc3 33. Kf2 Kf6
34. Ke2 a5 35. Kd3 Be5 0-1

[Event "Siegener SV 1 - SC Bonn Beuel 1"]
[Site "NRW-Klasse - Gruppe 4 2021/20"]
[Date "2021.12.19"]
[Round "3.7"]
[White "Damm, Yannic"]
[Black "Pramann, Juergen"]
[Result "1-0"]
[WhiteElo "1713"]
[BlackElo "1663"]
[PlyCount "125"]
[EventDate "2021.??.??"]
[SourceVersionDate "2020.03.16"]
[WhiteTeam "SC Bonn Beuel 1"]
[BlackTeam "Siegener SV 1"]

1. d4 d5 2. Nf3 Nf6 3. g3 Bg4 4. Bg2 Nc6 5. O-O e6 6. Ne5 Bh5 7. c4 Nd7 8. cxd5
Ndxe5 9. dxe5 exd5 10. Bf4 g5 11. Bc1 Nxe5 12. Bxd5 c6 13. Bg2 Be7 14. Qc2 Bg6
15. e4 Qd3 16. Qxd3 Nxd3 17. Nd2 O-O-O 18. Nc4 Rd4 19. b3 Nxc1 20. Raxc1 Bxe4
21. Rfe1 f5 22. f3 Bc5 23. Ne3 Bb6 24. fxe4 Rd3 25. Rcd1 Bxe3+ 26. Kf1 Rxd1 27.
Rxd1 Rf8 28. Ke2 Bc5 29. exf5 Kc7 30. g4 Re8+ 31. Kf1 Re3 32. Rd2 Bb4 33. Rd1
Rc3 34. Re1 Rc2 35. Re2 Rc1+ 36. Kf2 Bc5+ 37. Kf3 Rd1 38. h3 Kd6 39. Re6+ Kd7
40. Rh6 Rd2 41. Rxh7+ Kd6 42. h4 Rf2+ 43. Kg3 gxh4+ 44. Rxh4 Rxa2 45. Rh6+ Kd7
46. Rh7+ Kc8 47. g5 Bd6+ 48. Kf3 Ra3 49. Kg4 Rxb3 50. Bf3 Rb4+ 51. Kh5 a5 52.
g6 Be5 53. g7 Bxg7 54. Rxg7 a4 55. f6 Rf4 56. Bg4+ Kb8 57. f7 b5 58. Rg8+ Ka7
59. f8=Q Rxf8 60. Rxf8 b4 61. Bd7 b3 62. Rf4 c5 63. Bxa4 1-0

[Event "Siegener SV 1 - SC Bonn Beuel 1"]
[Site "NRW-Klasse - Gruppe 4 2021/20"]
[Date "2021.12.19"]
[Round "3.8"]
[White "Kellerhoff, Joerg"]
[Black "Muslumov, Osman"]
[Result "1-0"]
[WhiteElo "1635"]
[BlackElo "1731"]
[PlyCount "57"]
[EventDate "2021.??.??"]
[SourceVersionDate "2020.03.16"]
[WhiteTeam "Siegener SV 1"]
[BlackTeam "SC Bonn Beuel 1"]

1. c4 f5 2. g3 Nf6 3. Bg2 g6 4. Nc3 Bg7 5. e3 d6 6. Nge2 O-O 7. b4 a5 8. b5 e5
9. d3 c6 10. a4 d5 11. cxd5 Nxd5 12. Nxd5 cxd5 13. Ba3 Re8 14. Rc1 b6 15. Rxc8
Qxc8 16. Bxd5+ Kh8 17. Bxa8 f4 18. O-O Qg4 19. exf4 Nd7 20. Bc6 h5 21. Nc1 Qf5
22. Re1 Bh6 23. Bxd7 Qxd7 24. Rxe5 Rc8 25. Qe2 Bf8 26. Bb2 Kh7 27. Qe4 Qh3 28.
Re6 Qg4 29. Qb7+ 1-0